|
|
|
|
| LEADER |
00799nam a2200205 a 4500 |
| 001 |
GR-MES14022 |
| 008 |
071129s xxk 000 0 gre d |
| 020 |
|
|
|a 0198661630
|
| 040 |
|
|
|a GrPaTEI
|b gre
|c GR-PaULI
|
| 040 |
|
|
|a GrPaTEI
|b gre
|c GR-PaULI
|
| 082 |
|
0 |
|a 581.03
|
| 245 |
0 |
4 |
|a The concise Oxford dictionary of botany ; edited by Michael Allaby.
|
| 260 |
|
|
|a Oxford :
|b Oxford University press,
|c 1992
|
| 300 |
|
|
|a vi , 442σ. ;
|c 20εκ.
|
| 650 |
|
0 |
|a Botany
|v Dictionaries
|
| 700 |
1 |
|
|a Allaby, Michael
|
| 942 |
|
|
|2 ddc
|
| 971 |
|
|
|a .b25800711
|b 01-10-20
|c 13-09-16
|
| 999 |
|
|
|c 157426
|d 157426
|
| 952 |
|
|
|0 0
|1 0
|2 ddc
|4 0
|6 581_030000000000000_CON
|7 0
|9 272302
|a MSLG
|b MSLG
|c BSC
|d 2021-01-17
|e 24
|f 0
|g 0.00
|l 0
|o 581.03 CON
|p 2420000012539
|r 2021-01-17
|t 1
|w 2021-01-17
|y BK15
|x 20071129 0 ΔΕΝ ΔΑΝΕΙΖΕΤΑΙ 1
|x GrPaTEI
|